And Then You Pray For Me - Westside Gunn - Statistics

General Stats
  • This quiz has been taken 4 times
  • The average score is 8 of 21
Answer Stats
Songs Plays Artists % Correct
KITCHEN LIGHTS 12,924,29 Westside Gunn, Stove God Cooks
100%
AND THEN YOU PRAY FOR ME 1,950,386 Westside Gunn, KayCyy
50%
Disgusting 1,506,163 Westside Gunn, Giggs
50%
FLYGOD 2x 2,734,590 Westside Gunn
50%
Kostas 6,674,613 Westside Gunn, , Benny the Butcher, Conway the Machine
50%
Mamas PrimeTime 8,589,349 Westside Gunn, JID, Conway the Machine, Cartier A Williams
50%
MR EVERYTHING 1,520,504 Westside Gunn, Jeezy, DJ Swamp Izzo
50%
The Revenge of Flips Leg 1,974,289 Westside Gunn, Rome Streetz
50%
Ultra GriZelda 2,722,808 Westside Gunn, Denzel Curry
50%
1989 1,823,707 Westside Gunn, DJ Drama, Stove God Cooks
25%
Babylon Bis 2,186,807 Westside Gunn, Stove God Cooks, Keisha Plum
25%
Chloe 1,882,420 Westside Gunn, Ty Dolla $ign
25%
DunnHill 2,594,950 Westside Gunn, Rick Ross
25%
FLYGOD DiD 1,346,619 Westside Gunn, AA Rashid
25%
Freddy Js 986,060 Westside Gunn, Peezy, DJ Holiday
25%
House of GLORY 1,949,975 Westside Gunn, Stove God Cooks
25%
Jalen Rose 1,587,101 Westside Gunn, Boldy James
25%
JD Wrist 1,594,567 Westside Gunn, Stove God Cooks, ESTEE NACK
25%
LL BOOL GUNN 977,663 Westside Gunn
25%
Steve and Jony 1,220,083 Westside Gunn, EST Gee
25%
Suicide in Selfridges 2,841,284 Westside Gunn, DJ Drama
25%
No matching quizzes found
Score Distribution
Percent of People with Each Score
Percentile by Number Answered
Your Score History
You have not taken this quiz